<The> Politics of Aristotle
Na minha lista:
| Formato: | Livro |
|---|---|
| Idioma: | inglês |
| Publicado em: |
London
Oxford University Press
1958
|
| Edição: | 1. ed. |
| Assuntos: | |
| Tags: |
Sem tags, seja o primeiro a adicionar uma tag!
|
MARC
| LEADER | 00000nam a2200000 4500 | ||
|---|---|---|---|
| 001 | c011821 | ||
| 005 | 20250717100946.2 | ||
| 020 | |a 0-19-500306-3 | ||
| 041 | 0 | |a eng | |
| 044 | |a US | ||
| 245 | 1 | 0 | |a <The> Politics of Aristotle |c Edit. Ernest Barker |
| 250 | |a 1. ed. | ||
| 264 | 1 | |a London |b Oxford University Press |c 1958 | |
| 300 | |a 411 s. | ||
| 610 | 2 | 0 | |a politika |
| 610 | 2 | 0 | |a dejiny |
| 610 | 2 | 0 | |a teórie politické |
| 610 | 2 | 0 | |a štát |
| 610 | 2 | 0 | |a právo |
| 610 | 2 | 0 | |a Aristoteles |
| 610 | 2 | 0 | |a demokracia |